| 000 | 01321nam0a22003371 4500 | ||
|---|---|---|---|
| 001 | v19\rc\1690659 | ||
| 005 | 20061002153516.0 | ||
| 035 | _a(NLR Aleph) 004794615 | ||
| 090 |
_a4765186 _c4765186 |
||
| 100 | _a20061002e18971897|||y0rusy50 ca | ||
| 101 | 0 | _arus | |
| 102 | _aRU | ||
| 105 | _ay z ||||| | ||
| 200 | 1 |
_aДоброе дело москвичей на Балтийской окраине _f[Арсений Васильевич Васильев] |
|
| 210 |
_aМосква _cУнив. тип. _d1897 |
||
| 215 |
_a14 с. _d18 |
||
| 300 | _aАвт. указан в конце текста | ||
| 300 | _aЗагл. на кол.: Местечко Смильтен (Валкского уезда, Лифляндской губернии) | ||
| 309 | _aБез тит. л. | ||
| 311 | _aИз № 270 "Моск. вед." | ||
| 488 | 0 | _12001#$aМосковские ведомости$v№ 270 | |
| 517 | 0 | _aМестечко Смильтен (Валкского уезда, Лифляндской губернии) | |
| 700 | 1 |
_aВасильев _bА. В. _f1851- _gАрсений Васильевич |
|
| 801 | 0 |
_aRU _bNLR _gpsbo |
|
| 801 | 0 |
_aRU _bRuMoRGB _2psbo |
|
| 801 | 1 |
_aRU _bProSoft-M _2rusmarc |
|
| 852 |
_aNLR _j20.98.5.52 |
||
| 899 |
_aRuMoRGB _jG 51/278 |
||
| 899 | _aБАН | ||
| 942 | _cBOOK | ||
| 980 | _aNB | ||